Cuánto dura un temporal : antología.

"Estas páginas nos regalan con ternura, urgencia y sabiduría un valioso testimonio polifónico desde el corazón mismo de la destrucción y el miedo. Para entender, para aprender a vivir con esas memorias, saben estas manos generosas aferrarse a las palabras cuando nada da ancla ni cobijo, cuando...

Descripción completa

Guardado en:
Autores Principales: Guglielmetti, Nicolás, 1981- (Autor), Amorosi, Carolina, 1980- (Autor), Brión, Alfonsina, 1984- (Autor), Chauvié, Omar, 1964- (Autor), Bianco, Emilia. (Autor), Bianco, Pablo. (Autor), Chimpa. (Autor), Curruhinca, Lorena, 1981- (Autor), Cristófaro, Mariana de. (Autor), Depetris, Melisa, 1985- (Autor), Duca, Pablo, 1969- (Autor), Fiore, Natalia. (Autor), González, María Andrea, 1972- (Autor), Guerrero, Juani. (Autor), Gungolo, Pablo, 1980- (Autor), Hernandorena, Agustín, 1984- (Autor), Kako. (Autor), López, Lourdes, 1996- (Autor)
Autor Corporativo: Elijo leer (Editor )
Otros Autores: Budassi, Sonia, 1978- (Autor de introducción, etc.), Sagasti, Luis, 1963- (Autor del epílogo, colofón, etc.)
Formato: Libro
Idioma:Spanish
Publicado: Bahía Blanca : Hemisferio Derecho : Elijo leer, 2024.
Edición:1a. ed.
Materias:
Etiquetas: Agregar Etiqueta
Sin Etiquetas, Sea el primero en etiquetar este registro!
LEADER 03298nam a22004575a 4500
001 EUN.eunm009585
008 250903s2024####ag#o###g######000#m#spa#d
005 20260422141945.0
245 0 0 |a Cuánto dura un temporal :  |b antología. 
250 |a 1a. ed. 
260 |a Bahía Blanca :  |b Hemisferio Derecho :  |b Elijo leer,  |c 2024. 
300 |a 110 p. :  |b fotos col. ;  |c 21 cm. 
500 |a Listado completo de poetas: Carolina Amorosi, Emilia Bianco, Pablo Blackhall, Alfonsina Brion, Omar Chauvié, Chimpa, Lorena Curruhinca, Mariana de Cristófaro, Melisa Depetris, Pablo Duca, Natalia Fiore, María Andrea González, Juani Guerrero, Nicolás Guglielmetti, Pablo Gúngolo, Agustín Hernandorena, Kako, Lourdes López, Milton López, Alberto Mangüello, Matías Matarazzo, Sebastián Morfes, Eva Murari, Oxi, Lucio Peter, Lucas Quiroga, Benjamín Rodríguez, Florencia Rodríguez Aires, Diego Rosake, Gonzalo Ruiz Urban, Alejandra Saguí, Gerónimo Unibaso, Florencia Vissani, Ástor Vitali, Julia Zamora. 
505 2 |a Nota editorial / equipo de Elijo Leer -- Prólogo / Sonia Budassi -- Epílogo / Luis Sagasti. 
520 |a "Estas páginas nos regalan con ternura, urgencia y sabiduría un valioso testimonio polifónico desde el corazón mismo de la destrucción y el miedo. Para entender, para aprender a vivir con esas memorias, saben estas manos generosas aferrarse a las palabras cuando nada da ancla ni cobijo, cuando el viento casi amigo con el que crecimos en nuestra Bahía se vuelve infierno. Entre las ruinas escriben: 'todos queremos contar', 'seguir adelante estallado', 'mucho ruido en el silencio', 'relámpagos invadieron el cielo', 'pájaros muertos en el piso', 'somos las cosas sueltas', 'voy corriendo hacia la muerte', 'los vidrios fueron claros/en su decir violento', 'el viento se lo llevaba y se lo traía', 'ningún lugar era el mío', 'caminar la ciudad arrasada', 'destacar la solidaridad', 'ahora va a haber dos bahías' y tanto, tanto más... Para recuperar la fuerza, para reconstruir, escuchemos estas voces vitales porque, como canta una de ellas en este libro: 'juntos, es menos doloroso'. / Alicia Partnoy, Los Ángeles, octubre 2024".--Tapa posterior. 
020 |a 9786316607058 
700 1 |a Budassi, Sonia,  |d 1978-  |4 aui 
700 1 |a Sagasti, Luis,  |d 1963-  |4 aft 
700 1 |a Guglielmetti, Nicolás,  |d 1981-  |4 aut 
700 1 |a Amorosi, Carolina,  |d 1980-  |4 aut 
700 1 |a Brión, Alfonsina,  |d 1984-  |4 aut 
700 1 |a Chauvié, Omar,  |d 1964-  |4 aut 
700 1 |a Bianco, Emilia.  |4 aut 
700 1 |a Bianco, Pablo.  |4 aut 
700 1 |a Chimpa.  |4 aut 
700 1 |a Curruhinca, Lorena,  |d 1981-  |4 aut 
700 1 |a Cristófaro, Mariana de.  |4 aut 
700 1 |a Depetris, Melisa,  |d 1985-  |4 aut 
700 1 |a Duca, Pablo,  |d 1969-  |4 aut 
700 1 |a Fiore, Natalia.  |4 aut 
700 1 |a González, María Andrea,  |d 1972-  |4 aut 
700 1 |a Guerrero, Juani.  |4 aut 
700 1 |a Gungolo, Pablo,  |d 1980-  |4 aut 
700 1 |a Hernandorena, Agustín,  |d 1984-  |4 aut 
700 1 |a Kako.  |4 aut 
700 1 |a López, Lourdes,  |d 1996-  |4 aut 
710 2 |a Elijo leer  |4 edt. 
082 0 4 |a A868.5  |2 21 
650 7 |a Literatura argentina  |2 unbist 
651 4 |a Bahía Blanca [Bahía Blanca, Buenos Aires (Provincia)] 
859 |a AR-BaUNS  |b BIB. CENTRAL - Sector A  |h A868.5  |i C891  |p 129073/025